The sea route to Senorita’s heart
Պահպանված է:
| Հիմնական հեղինակ: | |
|---|---|
| Ձևաչափ: | Գիրք |
| Լեզու: | անգլերեն |
| Հրապարակվել է: |
African Publishers
2019.
|
| Ցուցիչներ: |
Ավելացրեք ցուցիչ
Չկան պիտակներ, Եղեք առաջինը, ով նշում է այս գրառումը!
|
MARC
| LEADER | 00000nam a22000007a 4500 | ||
|---|---|---|---|
| 008 | 210526b ||||| |||| 00| 0 eng d | ||
| 020 | |a ISBN: 978-978-55067-2-3 | ||
| 100 | |a IHUOMA, Anaele. | ||
| 245 | |a The sea route to Senorita’s heart |c / Anaele Ihuoma.- |g . vi, 130p. | ||
| 260 | |b African Publishers |c 2019. |h Port Harcourt, Nigeria: |i 695054 |i 695053 - ARTS |l PS3563 .Ih8 |m Short stories |m Nigerian Fiction (English) |m Title. | ||
| 942 | |a lcc |c BK |e j o ifatola |f 26/ 5/ 2021 | ||
| 952 | |0 0 |1 0 |2 lcc |4 0 |6 PS3563 I H8 |7 0 |9 2447 |a HOL |b HOL |c LP |d 2021-05-26 |l 0 |o PS3563 .Ih8 |p 2021-6299 |r 2021-05-26 00:00:00 |w 2021-05-26 |y BK | ||
| 952 | |0 0 |1 0 |2 lcc |4 0 |6 PS3563 I H8 |7 0 |9 2448 |a HOL |b ART |c LP |d 2021-05-26 |l 0 |o PS3563 .Ih8 |p 2021-6300 |r 2021-05-26 00:00:00 |w 2021-05-26 |y BK | ||
| 999 | |c 1275 |d 1275 | ||